| 000 | 00604nam a22001577a 4500 | ||
|---|---|---|---|
| 003 | NUST | ||
| 082 | _a200 | ||
| 100 |
_aMian, Shahid Hassan _996723 |
||
| 245 |
_aOptimized Nonlinear Controller for Fuel Cell, Supercapacitor, Battery, Hybrid Photoelectrochemical and Photovoltaic Cells Based Hybrid Electric Vehicles / _cShahid Hassan Mian |
||
| 264 |
_aIslamabad : _bSEECS, NUST, _c2022. |
||
| 300 | _a51 p. ; | ||
| 650 |
_aMS-Electrical Engineering _923567 |
||
| 700 |
_aSupervisor: Dr. Iftikhar Ahmad Rana _996695 |
||
| 856 | _uhttp://10.250.8.41:8080/xmlui/handle/123456789/29128 | ||
| 942 |
_2ddc _cSC |
||
| 999 |
_c590846 _d590846 |
||